| Поле | Название | Значение |
| |
Тип записи |
a |
| |
Библиографический уровень |
a |
| 001 |
Контрольный номер |
RU/CBS_UL/BASE/46f943a90dd147d399844dc19a764db9 |
| 005 |
Дата корректировки |
20251217141957.5 |
| 100 |
Данные общей обработки |
__ |
| a |
Данные общей обработки |
20251217 ||| 0rusy0189 ca |
| 101 |
Язык документа |
0_ |
| a |
Язык текста |
rus |
| 102 |
Страна публикации |
__ |
| a |
Страна публикации |
RU |
| 200 |
Заглавие и сведения об ответственности |
1_ |
| a |
Заглавие |
Муравьи: вред или польза? |
| e |
Сведения, относящиеся к заглавию |
[борьба с муравьями на приусадебном участке] |
| f |
Первые сведения об ответственности |
В. Старостин |
| 300 |
Общие примечания |
__ |
| a |
Общие примечания |
12+ |
| 461 |
Уровень набора |
_0 |
| 1 |
|
2000 |
| a |
|
Дачный клуб |
| 463 |
Уровень физической единицы |
_0 |
| 1 |
|
2000 |
| a |
|
№ 10 |
| v |
|
С. 56-57 : фото |
| 1 |
|
2101 |
| d |
|
2025 |
| 1 |
|
001RU/CBS_UL/BASE/1fc3bfb1739947728433521a1e6ee7c7 |
| 606 |
Тематические рубрики |
0_ |
| a |
Основная рубрика |
Вредители растений |
| 610 |
Ключевые слова |
0_ |
| a |
Ключевые слова |
вредители растений |
| 610 |
Ключевые слова |
0_ |
| a |
Ключевые слова |
насекомые-вредители |
| 610 |
Ключевые слова |
0_ |
| a |
Ключевые слова |
муравьи |
| 610 |
Ключевые слова |
0_ |
| a |
Ключевые слова |
муравьи в саду |
| 610 |
Ключевые слова |
0_ |
| a |
Ключевые слова |
борьба с муравьями в саду |
| 686 |
Индексы других классификаций |
__ |
| 2 |
Код системы |
rubbk |
| a |
Классификационный индекс |
44.686 |
| 700 |
Автор |
_1 |
| a |
Фамилия |
Старостин |
| b |
Имя (инициалы) |
В. |
| 801 |
Источник записи |
_0 |
| a |
Страна |
RU |
| b |
Организация |
МБУК ЦБС г. Ульяновска |
| c |
Дата составления |
20251217 |
| g |
Правила каталогизации |
RCR |
| 801 |
Источник записи |
_1 |
| a |
Страна |
RU |
| b |
Организация |
МБУК ЦБС г. Ульяновска |
| c |
Дата составления |
20251217 |
| g |
Правила каталогизации |
RCR |
| 901 |
Тип документа |
__ |
| t |
Тип документа |
b |
| w |
Контрольный № источника |
RU/CBS_UL/BASE/1fc3bfb1739947728433521a1e6ee7c7 |
| 909 |
Создатель записи |
__ |
| a |
Создатель записи |
lib2 |